01513nam a2200361 a 4500001001200000003000800012006001900020007001500039008004100054010001700095020002800112020003500140040002100175035002100196043001200217050002700229082001900256100001900275245012300294246006500417260005400482300001700536504006400553533015200617600005000769600004800819650005800867650003700925655002900962710001700991856012601008999001701134ebr10223896CaPaEBRm u cr cn|||||||||030327s2003 wiu sb s001 0 eng  z 2003007228 z0299192105 (alk. paper) z0299192148 (pbk. : alk. paper) aCaPaEBRcCaPaEBR a(OCoLC)229442209 ae-uk---14aPR6001.M6bZ745 2003eb04a823/.914092211 aKeulks, Gavin.10aFather and sonh[electronic resource] :bKingsley Amis, Martin Amis, and the British novel since 1950 /cGavin Keulks.30aKingsley Amis, Martin Amis, and the British novel since 1950 aMadison :bUniversity of Wisconsin Press,cc2003. aviii, 328 p. aIncludes bibliographical references (p. 307-321) and index. aElectronic reproduction.bPalo Alto, Calif. :cebrary,d2013.nAvailable via World Wide Web.nAccess may be limited to ebrary affiliated libraries.10aAmis, KingsleyxCriticism and interpretation.10aAmis, MartinxCriticism and interpretation. 0aEnglish fictiony20th centuryxHistory and criticism. 0aFathers and sonszGreat Britain. 7aElectronic books.2local2 aebrary, Inc.40uhttp://site.ebrary.com/lib/rucke/Doc?id=10223896zAn electronic book accessible through the World Wide Web; click to view c40034d40034